The time of global politics: (Record no. 761045)

MARC details
000 -LEADER
fixed length control field 00436nam a22001337a 4500
020 ## - INTERNATIONAL STANDARD BOOK NUMBER
ISBN 9781009386814
082 ## - DEWEY DECIMAL CLASSIFICATION NUMBER
Classification number 327.090 5 McI/T
100 ## - MAIN ENTRY--AUTHOR NAME
Personal name McIntosh, Christopher
245 ## - TITLE STATEMENT
Title The time of global politics:
Sub Title international relationss as study of the present/
Statement of responsibility, etc by Christopher, McIntosh
260 ## - PUBLICATION, DISTRIBUTION, ETC. (IMPRINT)
Place of publication . - U K
Name of publisher : Cambbridge University Press
Year of publication , 2024
300 ## - PHYSICAL DESCRIPTION
Number of Pages viii+336 pages
942 ## - ADDED ENTRY ELEMENTS (KOHA)
Source of classification or shelving scheme Dewey Decimal Classification
Koha item type Reference
Holdings
Withdrawn status Lost status Source of classification or shelving scheme Damaged status Not for loan Home Library Current Location Shelving location Date acquired Full call number Accession Number Price effective from Koha item type
    Dewey Decimal Classification     Dept. of Political Science Dept. of Political Science Reference 27/01/2026 327.090 5 McI/T POL23894 24/06/2026 Reference